Starting Strong 2017 Key OECD Indicators on Early Childhood Education and Care

Gespeichert in:
Bibliographische Detailangaben
Format: Buch
Sprache:Englisch
Veröffentlicht: Paris OECD 2017
Schlagworte:
Tags: Tag hinzufügen
Keine Tags, Fügen Sie das erste Tag hinzu!

MARC

LEADER 00000nam a2200000 4500
001 0242280
005 20240314123512.3
020 |a 978-92-64-27610-9 
041 0 |a eng 
044 |a FR 
245 1 0 |a Starting Strong 2017  |b Key OECD Indicators on Early Childhood Education and Care 
264 1 |a Paris  |b OECD  |c 2017 
300 |a 189 s. 
610 2 0 |a vzdelávanie primárne 
610 2 0 |a starostlivosť o deti 
610 2 0 |a politika vzdelávania 
610 2 0 |a učitelia 
610 2 0 |a podmienky pracovné